نبا تيات بر ا ے ا نٹر ميڈ يٹ(سا ل ا و ل ) (Record no. 169993)

MARC details
000 -LEADER
fixed length control field 00644nam a22001937a 4500
005 - DATE AND TIME OF LATEST TRANSACTION
control field 20191209173352.0
010 ## - LCCN (DPL NO)
LC control number B-30166
020 ## - INTERNATIONAL STANDARD BOOK NUMBER
Terms of availability 50.00
International Standard Book Number -
035 ## - SYSTEM CONTROL NUMBER
System control number B-30166
037 ## - SOURCE OF ACQUISITION
Source of stock number/acquisition BPPD
082 ## - DEWEY DECIMAL CLASSIFICATION NUMBER
Classification number 581
100 ## - MAIN ENTRY--PERSONAL NAME
Personal name محمد عبد الطيف
245 ## - TITLE STATEMENT
Title نبا تيات بر ا ے ا نٹر ميڈ يٹ(سا ل ا و ل )
Statement of responsibility, etc محمد عبد الطيف
246 ## - VARYING FORM OF TITLE
Title proper/short title Nabatiat Baraye Intermediate (Pehla Sal)(Urdu)
Remainder of title by Mohd. Abdul Lateef
260 ## - PUBLICATION, DISTRIBUTION, ETC. (IMPRINT)
Place of publication, distribution, etc Hyderabad
Date of publication, distribution, etc 1989 ء
Name of publisher, distributor, etc Urdu Acedemy
270 ## - ADDRESS
Address 637-4-1 Ac Gard,
City Hyderabad
Telephone number 3315547
Postal code -
300 ## - PHYSICAL DESCRIPTION
Extent 496 ص
Dimensions 22 cm(hb)
942 ## - ADDED ENTRY ELEMENTS (KOHA)
Source of classification or shelving scheme Dewey Decimal Classification
Item type Urdu Bks
Classification part 581
Call number suffix م ح م
Holdings
Withdrawn status Lost status Not for loan Collection code Home library Current library Date acquired Source of acquisition Cost, normal purchase price Full call number Barcode Copy number Cost, replacement price Koha item type
    Ordered Non-fiction Central Library Central Library 09/12/2019 BPPD/Ven. 50.00 581 م ح م B-30166 1 50.00 Urdu Bks

© Delhi Public Library
Hit Counter
free hit counter